000
00339nam a2200145Ia 4500
008
191201s2009 xx 000 0 und d
082
_a
658.562
_b
KEG
100
_a
KEEGAN,Warrrent
245
0
_a
Global Marketing Management
250
_a
7th IMP
260
_a
N. delhi
_b
pearson
_c
2009
300
_a
643
650
_a
BBA
942
_2
ddc
_c
BK
999
_c
4425
_d
4425